Criterios de prevención: un debate necesario /
Na minha lista:
| Autor principal: | |
|---|---|
| Formato: | Texto |
| coleção: | SERIE POLITICAS SOCIALES/CEPAL
|
| Tags: |
Adicionar Tag
Sem tags, seja o primeiro a adicionar uma tag!
|
MARC
| LEADER | 00000 a a2200000 04500 | ||
|---|---|---|---|
| 001 | 48417 | ||
| 003 | |||
| 040 | |||
| 090 | |a REV1291 (61) 2002 | ||
| 100 | |a Romaní, Oriol | ||
| 245 | |a Criterios de prevención: |b un debate necesario / |c Romaní Oriol | ||
| 440 | |a SERIE POLITICAS SOCIALES/CEPAL | ||
| 773 | |g número61, (2002) | ||
| 999 | |c 24418 |d 24418 | ||
